000 00509ntaaa2200193 4500
003 01
005 20251027202011.0
008 0714s1973 ag 01
040 _aAR-BaBN
_bspa
_cAR-BaBN
_eaacr
_dRIC
082 _a261.1000 C74e
100 _aConsejo Mundial de las Iglesias
_918582
245 _aEducación para la libración y la comunidad
250 _a1 ed.
260 _aBuenos Aires :
_bLa Aurora,
_c1975
300 _a108 p.
650 _aIglesia-Sociedad
650 _aLiberación
_9593
942 _cBK
999 _c14742
_d14742